000 00621nam a22002297a 4500
001 00260
003 DO-SdBNP
005 20240731102430.0
008 151125b1994 sp ||| 00| 0 spa d
020 _a
040 _aBPMSU
_bspa
_cBPMSU
082 4 _a808.83
_bF134t 1994
_222
245 0 0 _a365 Fábulas
246 1 3 _5Tres ciento sesenta y cinco fábulas
260 _aMadrid :
_bServilibro Ediciones,
_c1994
300 _a301 p. ;
_c26 cm.
590 _aInventariado, 2024/VM
650 4 _aAnimales
_xFábulas
650 4 _aFábulas
_vColecciones
910 _aVMateo V. Control de calidad (BPMSU)
942 _2ddc
_cBK
999 _c14680
_d14680